| 000 | 00766nam a2200229 i 4500 | ||
|---|---|---|---|
| 001 | 115324 | ||
| 003 | ES-MaACL | ||
| 005 | 20231226202707.0 | ||
| 007 | t| | ||
| 008 | 070305s1899 sp ||||1| spa d | ||
| 100 | 1 |
_aPalacio Valdés, Armando, _d1853-1938 _988382 |
|
| 245 | 1 | 1 |
_a¡Solo! _b: novela ; [El pájaro en la nieve ; ilustraciones de Cesáreo Villar] / _cA. Palacio Valdés ; ilustraciones de R. París. |
| 260 |
_aMadrid : _bB. Rodríguez Serra, _c1899. |
||
| 300 |
_a98 p. : _bil. ; _c13 cm. |
||
| 490 | 1 |
_aBiblioteca Mignon ; _v2 |
|
| 500 | _aRetrato de autor. | ||
| 700 | 1 |
_aParís, R. _989142 |
|
| 700 | 1 |
_aVillar, Cesáreo. _9153745 |
|
| 830 | 0 |
_aBiblioteca Mignon ; _v2 _9186216 |
|
| 852 |
_aES-MaACL _jF-1194(2) |
||
| 999 |
_c115324 _d115324 |
||